|
|
|
|
| LEADER |
00000nam a22000007a 4500 |
| 005 |
20200303212531.0 |
| 007 |
cr|||| |||| |
| 008 |
200303s2019 es |||||s|||| 00||0 spa d |
| 020 |
|
|
|a 978-84-120892-5-7
|
| 035 |
|
|
|a 31108
|
| 040 |
|
|
|a vLex
|
| 090 |
|
|
|c 10160
|d 10160
|
| 100 |
1 |
|
|a Tiffon Nonis, Bernat-Nol︠
|
| 245 |
1 |
0 |
|a Atlas prc̀tico-criminolg̤ico de psicometra̕ forense
|h [Recurso electrn̤ico] :
|b Asesinatos /
|c Bernat-Nol︠ Tiffon Nonis
|n Volumen I
|
| 256 |
|
|
|a Servicio en ln̕ea
|
| 260 |
|
|
|a Barcelona:
|b J.M. Bosch Editor,
|c 2019
|
| 300 |
|
|
|a 1 recurso electrn̤ico
|
| 500 |
|
|
|a Con este presente 1er Volumen, se inicia una coleccin̤ de 4 volm︢enes cuyo nexo vertebrador versa sobre la Psicometra̕ Forense. En concreto y en este caso, se profundiza sobre la Psicometra̕ Forense de sujetos que han perpetrado uno o varios asesinatos, ya sea desde el nocivo influjo de un trastorno mental como en ausencia de dicha disfuncin̤ psq̕uica. Desde el punto de vista jurd̕ico-legal y a lo largo de toda la coleccin̤, el autor expone –de manera magistral– la casus̕tica psicolg̤ica-forense y criminolg̤ica distinguiňdolas por las tres condiciones por las que el Tribunal resuelve segn︢ sentencia: por absolucin̤, por sentencia condenatoria con atenuante y por sentencia condenatoria con plena responsabilidad criminal. En el contenido del presente volumen –eminentemente prc̀tico–, se recogen ms̀ de 25 casos en los que se viene a exponer psicomťricamente las grf̀i cas psicolg̤icas de los sujetos que han sido acusados de delitos de asesinato y por las que han tenido resolucin̤ judicial por sentencia. Desde el punto de vista del interš psicolg̤ico-forense, se trata de una obra que puede ser t︢il para los estudiantes y profesionales de distintas disciplinas acadm̌icas: Salud Mental (Psicl̤ogos y Psiquiatras); Operadores Jurd̕icos (Letrados, Jueces y Magistrados, Fiscales); Criminl̤ogos; Investigadores Privados u Operadores de las Fuerzas Pb︢licas del Orden y de la Seguridad. La obra viene a completarse con distintas intervenciones y palabras de introduccin̤ de personalidades acadm̌icas y autores del m̀bito psicolg̤ico y criminolg̤ico- forense de reconocido prestigio, tanto nacional como internacional.
|
| 506 |
1 |
|
|a Disponible solo en los productos indicados
|d vLex Global
|d vLex Global (Academic Edition, excluding Law Schools)
|d vLex Global (U.S. Academic Edition, Law Schools)
|d vLex Global (U.S. Academic Edition, excluding Law Schools)
|d vLex Global (Academic Edition, Law Schools)
|
| 650 |
0 |
4 |
|a Derecho Penal
|z Espaą
|
| 740 |
0 |
|
|a vLex Libros (Servicio en ln̕ea)
|
| 856 |
4 |
0 |
|u http://vlex.com/source/atlas-practico-criminologico-de-psicometria-forense-volumen-i-asesinatos-31108
|z Acceso restringido
|
| 942 |
|
|
|c BOOK
|
| 999 |
0 |
|
|a Criminal law
|